000 00959cam a22003257a 4500
001 14129762
005 20161123133116.0
008 050930s2006 inua 001 0 eng d
010 _a 2005934934
020 _a0672328690
020 _a9780672328695
035 _a(OCoLC)ocm67106994
040 _aTEF
_cTEF
_dBAKER
_dDLC
042 _alccopycat
050 0 0 _aTK5105.88.G66
_bG73 2006
082 0 4 _a025.04
_222
630 0 0 _aGoogle.
100 1 _aGralla, Preston.
245 1 0 _aGoogle search and tools in a snap /
_cPreston Gralla.
260 _aIndianapolis, Ind. :
_bSams,
_cc2006.
300 _aiv, 353 p. :
_bill. ;
_c23 cm.
440 0 _aSams teach yourself
440 0 _aIn a snap
500 _aIncludes index.
650 0 _aWeb search engines.
906 _a7
_bcbc
_ccopycat
_d2
_encip
_f20
_gy-gencatlg
942 _2lcc
_cBK
999 _c47419
_d47419